000 00785cam a2200241 a 4500
001 2560031
005 20171214074527.0
008 950424s1995 caua b 001 0 eng
010 _a 95016861
020 _a0803945825 (cloth : alk. paper)
020 _a0803945833 (pbk. : alk. paper)
040 _aDLC
_cDLC
_dDLC
041 _aeng
080 _a300.723 FOW
082 0 0 _a300.723 FOW
_220
100 1 _a46
101 _aEDU
245 1 0 _aImproving survey questions :
_cFloyd J. Fowler, Jr.
504 _aIncludes bibliographical references (p. 184-188) and index.
906 _a7
_bcbc
_corignew
_d1
_eocip
_f19
_gy-gencatlg
942 _2ddc
_cBK
999 _c38943
_d38943